Greek historical thought (Record no. 212626)

MARC details
000 -LEADER
fixed length control field 00394nam a2200157Ia 4500
008 - FIXED-LENGTH DATA ELEMENTS--GENERAL INFORMATION
fixed length control field 210719s1952 xx 000 0 und d
041 ## - LANGUAGE CODE
Language code of text/sound track or separate title eng
082 ## - DEWEY DECIMAL CLASSIFICATION NUMBER
Classification number 907.2 TOYG
100 ## - MAIN ENTRY--PERSONAL NAME
Personal name TOYNBEE (Arnold J)
245 ## - TITLE STATEMENT
Title Greek historical thought
260 ## - PUBLICATION, DISTRIBUTION, ETC.
Place of publication, distribution, etc. New York.
Name of publisher, distributor, etc. A Mentor book
Date of publication, distribution, etc. 1952
300 ## - PHYSICAL DESCRIPTION
Other physical details PB
365 ## - TRADE PRICE
Currency code Rs
650 ## - SUBJECT ADDED ENTRY--TOPICAL TERM
Topical term or geographic name entry element Historiography
906 ## - LOCAL DATA ELEMENT F, LDF (RLIN)
a Greek ; historical ; thought
Holdings
Withdrawn status Lost status Damaged status Not for loan Collection code Home library Current library Date acquired Total Checkouts Full call number Barcode Date last seen Price effective from Koha item type
          St Aloysius Library St Aloysius Library 12/13/2001   907.2 TOYG D00725 07/19/2021 07/19/2021 Donated Books